00369 a2200121 4500003000500000005001700005040000900022082000800031245006500039260003200104650008700136651002400223Nust20170207154424.0 cNust a799 aVisit Chinese Delegation (Photo Album Vol No. 1, 2001) cMCS aRawalpindibMCSc20-08-2001 aPictures of Visit Chinese Delegation in MCS,(Photo Album Vol No. 1, 2001,CD-NO-6) a Sweet Memories-MCS